Perspectives of the Russian agricultural exports in terms of comparative advantage

Súčasná pozícia Ruskej federácie na globálnom trhu poľnohospodárskych produktov a potravín s dôrazom na komparatívne výhody ruského poľnohospodárskeho exportu vo vzťahu k špecifickým regiónom a krajinám. Porovnanie produktovej štruktúry ruského poľnohospodárskeho exportu a importu.

Na minha lista:
Detalhes bibliográficos
Autor principal: Benešová, Irena
Formato: Capítulo de Livro
Idioma:inglês
Assuntos:
Tags: Adicionar Tag
Sem tags, seja o primeiro a adicionar uma tag!

MARC

LEADER 00000naa a2200000 4500
001 0235961
005 20220805075049.7
041 0 |a eng 
044 |a CZ 
245 1 0 |a Perspectives of the Russian agricultural exports in terms of comparative advantage  |c Irena Benešová 
520 |a Súčasná pozícia Ruskej federácie na globálnom trhu poľnohospodárskych produktov a potravín s dôrazom na komparatívne výhody ruského poľnohospodárskeho exportu vo vzťahu k špecifickým regiónom a krajinám. Porovnanie produktovej štruktúry ruského poľnohospodárskeho exportu a importu. 
610 2 0 |a obchod zahraničný 
610 2 0 |a výrobky poľnohospodárske 
610 2 0 |a potraviny 
610 2 0 |a Rusko 
610 2 0 |a výhody komparatívne 
100 1 |a Benešová, Irena